000 00759nam a2200253 i 4500
001 C2-0067739
003 PPAK
005 20190630222124.0
008 970311s1995 nyu |||| ||||| | eng d
020 _a0684811294
040 _aPPAK
_beng
_cPPAK
_erda
082 0 4 _a338.973
_223
090 0 0 _a338.973
_bKAN
_dG
090 0 0 _a338.973
_bKAN
_dKIH
100 1 _aKanter, Rosabeth Moss,
_eauthor
245 1 0 _aWorld class :
_bthriving locally in the global economy
264 1 _aNew York :
_bSimon & Schuster ,
_c1995
300 _a416 pages ;
_c23 cm
336 _2rdacontent
_atext
337 _2rdamedia
_aunmediated
338 _2rdacarrier
_avolume
650 1 0 _aSmall business - United States - Management ; Competition, International
942 _ddc
_cB
999 _c7661
_d7661